The Neighbourhood - Sweater Weather (All lyrics) - Statistics

General Stats
  • This quiz has been taken 501 times
  • The average score is 252 of 347
Answer Stats
Answer % Correct
a
99%
I
99%
an
97%
in
97%
my
97%
the
97%
you
97%
hand
96%
to
96%
sweater
95%
sweater,
95%
and
94%
but
93%
hands
93%
your
93%
all
91%
is
91%
California,
90%
with
90%
am
89%
beach,
89%
hate
89%
let
89%
of
89%
sand
89%
man
88%
no
88%
no,
88%
world
88%
stand
87%
toes
87%
on
86%
want
86%
cold
83%
it
83%
one
82%
too
82%
touch
82%
adventure
81%
love,
81%
love
81%
yours
81%
it's
80%
have
79%
here
79%
neck
79%
then
79%
us,
79%
about
78%
about,
78%
for
78%
gravity
78%
head
78%
house
77%
I'll
77%
just
77%
me
77%
shirt,
77%
let's
76%
sleeves
76%
what
76%
think
75%
blouse
74%
oh
73%
waist
73%
clouds,
72%
shorts,
72%
so
72%
two
71%
high
70%
holes
70%
little
70%
those
70%
out
69%
waisted
69%
hold
68%
'cause
67%
centered
67%
now
66%
find
65%
she
65%
mouths
64%
not
63%
knows
62%
both
61%
use
59%
take
54%
that
54%
away
53%
nothing
53%
tell
53%
breath
50%
don't
47%
if
45%
say
45%
mind
44%
much
44%
may
43%
sometimes
43%
place
40%
wanna
40%
far
38%
put
35%
silence
35%
there's
35%
wouldn't
35%
move
34%
start
31%
guides
29%
goosebumps
27%
yeah
27%
left
26%
minute
26%
taste,
25%
face
24%
finger
24%
outside,
24%
this
24%
meets
23%
tongue
23%
these
22%
down
21%
hearts
21%
inside,
21%
warm
20%
pour
19%
watch
19%
adore
18%
coming
18%
our
18%
minds
17%
raise
17%
starts
17%
beats
12%
everyone
12%
hardest
9%
other
9%
whoa
8%
whoa,
8%
No matching quizzes found
Score Distribution
Percent of People with Each Score
Percentile by Number Answered
Your Score History
You have not taken this quiz